banner koha

Os royalties da pesquisa (Registro n. 330443)

MARC details
000 -LÍDER
fixed length control field 00863nab a2200265 4500
003 - CÓDIGO MARC DA AGÊNCIA CATALOGADORA
Campo de controle BR-BrBNA
005 - DATA E HORA DA ÚLTIMA ATUALIZAÇÃO
Campo de controle 20250315154828.0
008 - CAMPO DE TAMANHO FIXO
fixed length control field 250315b bl.||||| |||| 00| 0 por d
040 ## - FONTE DA CATALOGAÇÃO
Agência catalogadora BR-BrBNA
Idioma da catalogação por
072 ## - CATEGORIA AGRIS
Código AGRIS A50 ; D10 ; E14
100 ## - ENTRADA PRINCIPAL - NOME PESSOAL
Nome pessoal Andrade, Lívia
245 ## - TÍTULO PRINCIPAL
Título principal Os royalties da pesquisa
Subtítulo Agrotecnologia
500 ## - NOTA GERAL
Nota geral 5 illus.
942 ## - ADDED ENTRY ELEMENTS (KOHA)
Koha item type Analítica
650 ## - ASSUNTO - THESAGRO
Cabeçalho tópico ou nome geográfico ADMINISTRAÇÃO PÚBLICA
650 ## - ASSUNTO - THESAGRO
Cabeçalho tópico ou nome geográfico EMPRESA PÚBLICA
650 ## - ASSUNTO - THESAGRO
Cabeçalho tópico ou nome geográfico EMBRAPA
650 ## - ASSUNTO - THESAGRO
Cabeçalho tópico ou nome geográfico PESQUISA AGRÍCOLA
650 ## - ASSUNTO - THESAGRO
Cabeçalho tópico ou nome geográfico INOVAÇÃO TECNOLÓGICA
650 ## - ASSUNTO - THESAGRO
Cabeçalho tópico ou nome geográfico TRANSFERÊNCIA DE TECNOLOGIA
650 ## - ASSUNTO - THESAGRO
Cabeçalho tópico ou nome geográfico BIOSSEGURANÇA
650 ## - ASSUNTO - THESAGRO
Cabeçalho tópico ou nome geográfico RECEITA
773 0# - ENTRADA ANALÍTICA
Host Biblionumber 1706
Registro do item 346297
Imprenta São Paulo-SP Editora Três Ltda - E-mail: luizfsa@revistadinheiro.com.br 2004
Outro identificador 2024-6951
Título Dinheiro Rural (Brazil)
ISSN 1807-3700
Colação v. 3(15) p. 30-32; (Jan 2006)
Número de controle de registro BR2025000121

Nenhum exemplar disponível.

BINAGRI

Telefone: (61)3218-2567/2388/3357/2097 - binagri@agro.gov.br

Ministério da Agricultura e Pecuária , Esplanada dos Ministérios, Bloco D, Anexo B, Brasília/DF, CEP: 70.043-900